[Event "Russian Higher League 2021"]
[Site "?"]
[Date "2021.06.27"]
[Round "2.1"]
[White "Rozum, Ivan"]
[Black "Predke, Alexandr"]
[Result "1/2-1/2"]
[WhiteElo "2549"]
[BlackElo "2683"]
[Annotator ""]
[Source ""]
[Remark ""]

1.Nf3 {[%clk 1:30:58]} d5 {[%clk 1:28:24]} 2.g3 {[%clk 1:28:38]}
Nf6 {[%clk 1:28:48]} 3.Bg2 {[%clk 1:29:03]} e6 {[%clk 1:29:13]}
4.O-O {[%clk 1:27:40]} Be7 {[%clk 1:29:39]} 5.c4 {[%clk 1:24:20]}
O-O {[%clk 1:29:56]} 6.b3 {[%clk 1:23:10]} c5 {[%clk 1:30:14]}
7.Bb2 {[%clk 1:22:18]} Nc6 {[%clk 1:30:27]} 8.cxd5 {[%clk 1:20:12]}
Nxd5 {[%clk 1:30:50]} 9.d4 {[%clk 1:20:34]} cxd4 {[%clk 1:31:12]}
10.Nxd4 {[%clk 1:21:00]} Bd7 {[%clk 1:31:28]} 11.Na3 {[%clk 1:16:33]}
Nxd4 {[%clk 1:31:34]} 12.Qxd4 {[%clk 1:16:58]} Bf6 {[%clk 1:32:02]}
13.Qd2 {[%clk 1:17:16]} Bc6 {[%clk 1:32:02]} 14.Nc4 {[%clk 1:13:54]}
Ne7 {[%clk 1:32:09]} 15.Qxd8 {[%clk 1:11:12]} Rfxd8 {[%clk 1:32:18]}
16.Bxf6 {[%clk 1:11:17]} gxf6 {[%clk 1:32:41]} 17.Rfd1 {[%clk 1:10:57]}
f5 {[%clk 1:19:43]} 18.Rac1 {[%clk 1:07:17]} Bxg2 {[%clk 1:09:52]}
19.Kxg2 {[%clk 1:06:44]} Nd5 {[%clk 1:10:18]} 20.Kf3 {[%clk 1:00:26]}
Kg7 {[%clk 1:01:47]} 21.Ne3 {[%clk 0:55:59]} Nxe3 {[%clk 1:02:10]}
22.Rxd8 {[%clk 0:46:41]} Rxd8 {[%clk 1:02:28]} 23.Kxe3 {[%clk 0:47:06]}
Rd7 {[%clk 1:02:34]} 24.Rc8 {[%clk 0:46:12]} h6 {[%clk 0:49:30]}
25.Rb8 {[%clk 0:44:25]} Kg6 {[%clk 0:41:29]} 26.Rc8 {[%clk 0:41:24]}
Kg7 {[%clk 0:41:53]} 27.Rb8 {[%clk 0:41:34]} Kg6 {[%clk 0:42:18]}
28.Rc8 {[%clk 0:41:58]} Kg7 {[%clk 0:42:45]} 29.Ke4 1/2-1/2

[Event "Russian Higher League 2021"]
[Site "?"]
[Date "2021.06.27"]
[Round "2.2"]
[White "Lobanov, Sergei"]
[Black "Dreev, Aleksey"]
[Result "1/2-1/2"]
[WhiteElo "2514"]
[BlackElo "2647"]
[Annotator ""]
[Source ""]
[Remark ""]

1.e4 {[%clk 1:30:58]} c6 {[%clk 1:30:53]} 2.d4 {[%clk 1:31:07]}
d5 {[%clk 1:31:18]} 3.e5 {[%clk 1:31:21]} Bf5 {[%clk 1:31:42]}
4.Nc3 {[%clk 1:31:42]} e6 {[%clk 1:32:06]} 5.g4 {[%clk 1:32:05]}
Bg6 {[%clk 1:32:32]} 6.Nge2 {[%clk 1:32:25]} c5 {[%clk 1:32:54]}
7.Be3 {[%clk 1:32:48]} Nc6 {[%clk 1:30:38]} 8.dxc5 {[%clk 1:33:08]}
a6 {[%clk 1:28:01]} 9.f4 {[%clk 0:44:52]} d4 {[%clk 1:05:30]}
10.Nxd4 {[%clk 0:41:11]} Bxc5 {[%clk 1:05:22]} 11.Nxc6 {[%clk 0:32:50]}
Qh4+ {[%clk 1:05:05]} 12.Kd2 {[%clk 0:33:16]} Bxe3+ {[%clk 1:04:58]}
13.Kxe3 {[%clk 0:33:45]} bxc6 {[%clk 1:05:22]} 14.Qf3 {[%clk 0:34:08]}
Ne7 {[%clk 1:00:56]} 15.Qg3 {[%clk 0:33:37]} Qxg3+ {[%clk 0:59:45]}
16.hxg3 {[%clk 0:34:06]} Bxc2 {[%clk 1:00:06]} 17.Rc1 {[%clk 0:33:28]}
Bg6 {[%clk 1:00:28]} 18.Bc4 {[%clk 0:31:37]} a5 {[%clk 0:56:56]}
19.Na4 {[%clk 0:31:02]} O-O-O {[%clk 0:54:39]} 20.Nc5 {[%clk 0:21:41]}
h5 {[%clk 0:51:08]} 21.gxh5 {[%clk 0:17:41]} Rxh5 {[%clk 0:45:11]}
22.g4 {[%clk 0:16:05]} Rxh1 {[%clk 0:31:57]} 23.Rxh1 {[%clk 0:16:34]}
Nd5+ {[%clk 0:32:10]} 24.Bxd5 {[%clk 0:16:59]} Rxd5 {[%clk 0:32:37]}
25.Ne4 {[%clk 0:08:30]} Kd7 {[%clk 0:28:40]} 26.Rh8 {[%clk 0:08:42]}
Bxe4 {[%clk 0:19:41]} 27.Kxe4 {[%clk 0:09:11]} Rb5 {[%clk 0:19:51]}
28.Ra8 {[%clk 0:09:34]} Rxb2 {[%clk 0:18:52]} 29.Ra7+ {[%clk 0:09:53]}
Ke8 {[%clk 0:19:16]} 30.Ra8+ {[%clk 0:10:09]} Ke7 {[%clk 0:19:27]}
31.Ra7+ {[%clk 0:10:36]} Ke8 {[%clk 0:19:51]} 32.Rxa5 {[%clk 0:10:51]}
Rb4+ {[%clk 0:19:45]} 33.Kf3 {[%clk 0:11:13]} Rb7 {[%clk 0:13:26]}
34.f5 {[%clk 0:11:08]} Ke7 {[%clk 0:13:01]} 35.a3 {[%clk 0:11:03]}
f6 {[%clk 0:08:06]} 36.Ke4 {[%clk 0:09:36]} Rc7 {[%clk 0:07:40]}
37.Ra6 {[%clk 0:06:20]} fxe5 {[%clk 0:04:38]} 38.Kxe5 {[%clk 0:06:30]}
exf5 {[%clk 0:05:02]} 39.gxf5 {[%clk 0:06:58]} c5 {[%clk 0:05:13]}
40.Rg6 {[%clk 0:36:56]} Kf7 {[%clk 0:34:48]} 41.Rg3 {[%clk 0:35:08]}
c4 {[%clk 0:34:28]} 1/2-1/2

[Event "Russian Higher League 2021"]
[Site "?"]
[Date "2021.06.27"]
[Round "2.3"]
[White "Sarana, Alexey"]
[Black "Yuffa, Daniil"]
[Result "1-0"]
[WhiteElo "2640"]
[BlackElo "2578"]
[Annotator ""]
[Source ""]
[Remark ""]

1.d4 {[%clk 1:30:56]} d5 {[%clk 1:30:33]} 2.Nf3 {[%clk 1:31:16]}
Nf6 {[%clk 1:30:55]} 3.c4 {[%clk 1:31:40]} c6 {[%clk 1:31:14]}
4.Nc3 {[%clk 1:31:59]} dxc4 {[%clk 1:31:35]} 5.a4 {[%clk 1:32:22]}
Bf5 {[%clk 1:31:38]} 6.Ne5 {[%clk 1:32:39]} Nbd7 {[%clk 1:31:51]}
7.Nxc4 {[%clk 1:32:55]} Nb6 {[%clk 1:31:50]} 8.Ne5 {[%clk 1:26:49]}
a5 {[%clk 1:32:00]} 9.e3 {[%clk 1:27:12]} g6 {[%clk 1:28:54]}
10.Bd3 {[%clk 1:26:14]} Bxd3 {[%clk 1:28:12]} 11.Nxd3 {[%clk 1:26:41]}
Bg7 {[%clk 1:27:26]} 12.O-O {[%clk 1:27:05]} O-O {[%clk 1:27:39]}
13.Qb3 {[%clk 1:26:57]} Nfd7 {[%clk 1:18:22]} 14.f4 {[%clk 1:21:52]}
Rb8 {[%clk 1:06:51]} 15.Bd2 {[%clk 1:19:28]} Nc8 {[%clk 1:04:41]}
16.Be1 {[%clk 1:08:43]} Nd6 {[%clk 1:02:02]} 17.Bh4 {[%clk 1:07:29]}
Nf5 {[%clk 0:46:13]} 18.Bf2 {[%clk 1:07:52]} Qb6 {[%clk 0:42:51]}
19.Qxb6 {[%clk 0:57:15]} Nxb6 {[%clk 0:43:16]} 20.g4 {[%clk 0:57:00]}
Nh6 {[%clk 0:39:18]} 21.h3 {[%clk 0:56:55]} f5 {[%clk 0:39:22]}
22.g5 {[%clk 0:50:54]} Nf7 {[%clk 0:39:48]} 23.Nc5 {[%clk 0:50:58]}
Nd6 {[%clk 0:38:17]} 24.Rfd1 {[%clk 0:50:28]} Rfd8 {[%clk 0:29:54]}
25.Rac1 {[%clk 0:49:45]} Nd7 {[%clk 0:27:10]} 26.Nd3 {[%clk 0:48:51]}
Kf7 {[%clk 0:25:08]} 27.b3 {[%clk 0:43:42]} Rbc8 {[%clk 0:21:41]}
28.Be1 {[%clk 0:42:40]} c5 {[%clk 0:19:04]} 29.Ne5+ {[%clk 0:40:02]}
Bxe5 {[%clk 0:13:10]} 30.fxe5 {[%clk 0:40:02]} Ne8 31.Nb5 {[%clk 0:24:24]}
b6 {[%clk 0:13:10]} 32.Bg3 {[%clk 0:24:24]} cxd4 {[%clk 0:12:57]}
33.exd4 {[%clk 0:24:53]} Ng7 {[%clk 0:13:19]} 34.Rxc8 {[%clk 0:20:21]}
Rxc8 {[%clk 0:13:42]} 35.d5 {[%clk 0:20:49]} Nc5 {[%clk 0:13:19]}
36.e6+ {[%clk 0:21:16]} Kf8 {[%clk 0:11:59]} 37.Na7 {[%clk 0:17:00]}
Ra8 {[%clk 0:10:21]} 38.Nc6 {[%clk 0:16:49]} Ne8 {[%clk 0:07:30]}
39.d6 {[%clk 0:13:43]} exd6 {[%clk 0:07:35]} 40.Bxd6+ {[%clk 0:44:00]}
Nxd6 {[%clk 0:37:05]} 41.Rxd6 {[%clk 0:44:27]} Re8 {[%clk 0:37:02]}
42.Nd4 {[%clk 0:39:44]} Rb8 {[%clk 0:33:39]} 43.h4 {[%clk 0:34:28]}
Ke7 {[%clk 0:18:45]} 44.Rc6 {[%clk 0:33:59]} Rb7 {[%clk 0:16:08]}
45.Kf2 {[%clk 0:27:42]} Nd3+ {[%clk 0:15:58]} 46.Ke3 {[%clk 0:25:45]}
Nb4 {[%clk 0:15:26]} 47.Rc8 {[%clk 0:24:33]} Nd5+ {[%clk 0:14:37]}
48.Kf3 {[%clk 0:23:22]} Rc7 {[%clk 0:08:15]} 49.Rh8 {[%clk 0:23:05]}
Rc3+ {[%clk 0:08:21]} 50.Kf2 {[%clk 0:23:32]} Nf4 {[%clk 0:06:51]}
51.Rxh7+ {[%clk 0:23:56]} Ke8 {[%clk 0:07:06]} 52.h5 {[%clk 0:21:26]}
Nh3+ {[%clk 0:04:13]} 53.Kf1 {[%clk 0:19:43]} Nf4 {[%clk 0:01:38]}
54.hxg6 {[%clk 0:16:15]} Nxg6 {[%clk 0:01:58]} 55.Kf2 {[%clk 0:16:16]}
Rc5 {[%clk 0:01:19]} 56.Nb5 {[%clk 0:14:48]} Re5 {[%clk 0:00:39]}
57.Rg7 {[%clk 0:12:59]} Nf4 {[%clk 0:00:54]} 58.Nd6+ {[%clk 0:12:11]}
Kf8 {[%clk 0:01:20]} 59.Rf7+ {[%clk 0:12:36]} Kg8 {[%clk 0:01:49]}
60.e7 {[%clk 0:12:56]} Ng6 {[%clk 0:02:04]} 61.e8Q+ {[%clk 0:12:58]}
Rxe8 {[%clk 0:02:30]} 62.Rf6 {[%clk 0:13:20]} 1-0

[Event "Russian Higher League 2021"]
[Site "?"]
[Date "2021.06.27"]
[Round "2.4"]
[White "Chigaev, Maksim"]
[Black "Iljiushenok, Ilia"]
[Result "1-0"]
[WhiteElo "2630"]
[BlackElo "2530"]
[Annotator ""]
[Source ""]
[Remark ""]

1.e4 c5 2.Nf3 d6 3.d4 cxd4 4.Nxd4 Nf6 5.Nc3 a6 6.Bg5 Nbd7 7.Bc4
Qb6 8.Bb3 e6 9.Qd2 Be7 10.O-O-O Nc5 11.f3 Qc7 12.g4 b5 13.a3
Rb8 14.Ba2 b4 15.axb4 Rxb4 16.h4 Rb8 17.Nb3 Qb7 18.Bxf6 gxf6
19.Qh6 Bd7 20.g5 fxg5 21.hxg5 Rf8 22.Qg7 a5 23.Rxh7 a4 24.Nxc5
dxc5 25.Nxa4 Bxa4 26.g6 f6 27.Bb3 Bxb3 28.Qf7+ Rxf7 29.gxf7+
Kf8 30.Rg1 1-0

[Event "Russian Higher League 2021"]
[Site "?"]
[Date "2021.06.27"]
[Round "2.5"]
[White "Zakhartsov, Vladimir"]
[Black "Paravyan, David"]
[Result "1/2-1/2"]
[WhiteElo "2506"]
[BlackElo "2629"]
[Annotator ""]
[Source ""]
[Remark ""]

1.d4 {[%clk 1:30:51]} Nf6 {[%clk 1:30:53]} 2.c4 {[%clk 1:31:15]}
e6 {[%clk 1:31:20]} 3.Nc3 {[%clk 1:30:53]} Bb4 {[%clk 1:31:44]}
4.e3 {[%clk 1:30:46]} O-O {[%clk 1:32:07]} 5.Bd2 {[%clk 1:30:49]}
d5 {[%clk 1:32:30]} 6.Nf3 {[%clk 1:31:06]} Re8 {[%clk 1:32:56]}
7.Qc2 {[%clk 1:30:22]} c5 {[%clk 1:03:13]} 8.a3 {[%clk 1:24:04]}
Bxc3 {[%clk 1:03:38]} 9.Bxc3 {[%clk 1:24:23]} cxd4 {[%clk 1:04:03]}
10.Bxd4 {[%clk 1:24:12]} Nc6 {[%clk 1:04:22]} 11.Bc3 {[%clk 1:24:11]}
Ne4 {[%clk 0:53:57]} 12.Rd1 {[%clk 1:22:21]} Nxc3 {[%clk 0:54:23]}
13.Qxc3 {[%clk 1:22:26]} Ne7 {[%clk 0:54:48]} 14.Bd3 {[%clk 1:02:23]}
Bd7 {[%clk 0:49:17]} 15.O-O {[%clk 0:59:12]} Qc7 {[%clk 0:37:53]}
16.Ne5 {[%clk 0:58:06]} Red8 {[%clk 0:35:50]} 17.Nxd7 {[%clk 0:51:05]}
Rxd7 {[%clk 0:35:50]} 18.Qc2 {[%clk 0:50:24]} g6 {[%clk 0:35:12]}
19.cxd5 {[%clk 0:50:41]} Qxc2 {[%clk 0:34:23]} 20.Bxc2 {[%clk 0:51:06]}
Nxd5 {[%clk 0:34:46]} 21.Be4 {[%clk 0:44:00]} Rad8 {[%clk 0:34:40]}
22.g3 {[%clk 0:42:45]} b5 {[%clk 0:21:53]} 23.Rc1 {[%clk 0:38:11]}
Nf6 {[%clk 0:21:58]} 24.Bf3 {[%clk 0:32:46]} Rd2 {[%clk 0:22:16]}
25.Rfd1 {[%clk 0:33:04]} R8d7 {[%clk 0:21:57]} 1/2-1/2

[Event "Russian Higher League 2021"]
[Site "?"]
[Date "2021.06.27"]
[Round "2.6"]
[White "Ponkratov, Pavel"]
[Black "Triapishko, Alexandr"]
[Result "1-0"]
[WhiteElo "2627"]
[BlackElo "2510"]
[Annotator ""]
[Source ""]
[Remark ""]

1.e4 {[%clk 1:30:56]} c6 {[%clk 1:30:30]} 2.d4 {[%clk 1:31:21]}
d5 {[%clk 1:30:51]} 3.e5 {[%clk 1:31:47]} Bf5 {[%clk 1:30:59]}
4.Nd2 {[%clk 1:32:12]} e6 {[%clk 1:30:00]} 5.Nb3 {[%clk 1:32:35]}
Nd7 {[%clk 1:29:13]} 6.Nf3 {[%clk 1:32:59]} a6 {[%clk 1:27:19]}
7.c3 {[%clk 1:27:20]} Rc8 {[%clk 1:19:27]} 8.Be2 {[%clk 1:23:16]}
c5 {[%clk 1:18:38]} 9.dxc5 {[%clk 1:23:38]} Bxc5 {[%clk 1:18:04]}
10.Nfd4 {[%clk 1:23:32]} Bg6 {[%clk 1:09:40]} 11.h4 {[%clk 1:02:38]}
h5 {[%clk 0:55:53]} 12.Nxc5 {[%clk 0:58:29]} Nxc5 {[%clk 0:47:16]}
13.Rh3 {[%clk 0:55:23]} Ne7 {[%clk 0:28:34]} 14.Kf1 {[%clk 0:53:21]}
Nf5 {[%clk 0:14:04]} 15.Kg1 {[%clk 0:40:36]} Qc7 {[%clk 0:07:58]}
16.Bf4 {[%clk 0:38:34]} Qb6 {[%clk 0:07:29]} 17.Nb3 {[%clk 0:31:39]}
Na4 {[%clk 0:03:53]} 18.Qd2 {[%clk 0:31:30]} O-O {[%clk 0:03:36]}
19.Re1 {[%clk 0:28:53]} Rc4 {[%clk 0:01:14]} 20.Bxc4 {[%clk 0:22:49]}
dxc4 {[%clk 0:01:40]} 21.Nc1 {[%clk 0:23:16]} Qxb2 {[%clk 0:00:48]}
22.Rd1 {[%clk 0:23:19]} Qxd2 {[%clk 0:00:50]} 23.Rxd2 {[%clk 0:23:38]}
Ne7 {[%clk 0:01:15]} 24.Rg3 {[%clk 0:20:40]} Nd5 {[%clk 0:01:13]}
25.Rd4 {[%clk 0:21:03]} b5 {[%clk 0:01:05]} 26.Bd2 {[%clk 0:21:26]}
Nc5 {[%clk 0:00:58]} 27.Ne2 {[%clk 0:21:02]} Nd3 {[%clk 0:00:36]}
28.Rg5 {[%clk 0:20:55]} Kh7 {[%clk 0:00:48]} 29.Ng3 {[%clk 0:21:00]}
f6 {[%clk 0:00:34]} 30.exf6 {[%clk 0:21:21]} gxf6 {[%clk 0:01:00]}
31.Rgxd5 {[%clk 0:21:43]} exd5 {[%clk 0:01:27]} 32.Rxd5 {[%clk 0:22:09]}
Ne5 {[%clk 0:00:38]} 33.Rd6 {[%clk 0:20:37]} Rf7 {[%clk 0:00:32]}
34.f4 {[%clk 0:20:56]} Ng4 {[%clk 0:00:34]} 35.f5 {[%clk 0:21:21]}
a5 {[%clk 0:00:32]} 36.fxg6+ {[%clk 0:21:41]} Kxg6 {[%clk 0:01:01]}
37.Rd5 {[%clk 0:22:04]} b4 {[%clk 0:00:44]} 38.cxb4 {[%clk 0:21:28]}
Rc7 {[%clk 0:00:36]} 39.Ne2 {[%clk 0:20:38]} axb4 {[%clk 0:00:45]}
40.Bxb4 {[%clk 0:51:01]} Ne5 {[%clk 0:30:34]} 41.Bc3 {[%clk 0:51:25]}
Kf5 {[%clk 0:29:16]} 42.a4 {[%clk 0:50:57]} Rb7 {[%clk 0:27:58]}
43.Kf2 {[%clk 0:50:46]} Ke4 {[%clk 0:27:42]} 44.Rd4+ {[%clk 0:51:10]}
Kf5 {[%clk 0:28:08]} 45.Ke3 {[%clk 0:51:21]} Rb3 {[%clk 0:27:55]}
46.Kd2 {[%clk 0:51:24]} Ra3 {[%clk 0:28:01]} 47.Rf4+ {[%clk 0:51:49]}
Ke6 {[%clk 0:28:18]} 48.Bxe5 {[%clk 0:52:14]} 1-0

[Event "Russian Higher League 2021"]
[Site "?"]
[Date "2021.06.27"]
[Round "2.7"]
[White "Alekseev, Evgeny"]
[Black "Zabotin, Alexander"]
[Result "1-0"]
[WhiteElo "2605"]
[BlackElo "2506"]
[Annotator ""]
[Source ""]
[Remark ""]

1.e4 {[%clk 1:30:58]} c5 {[%clk 1:30:51]} 2.Nf3 {[%clk 1:31:16]}
d6 {[%clk 1:31:16]} 3.d4 {[%clk 1:29:17]} cxd4 {[%clk 1:31:42]}
4.Nxd4 {[%clk 1:29:07]} Nf6 {[%clk 1:32:06]} 5.Nc3 {[%clk 1:28:59]}
a6 {[%clk 1:32:31]} 6.Be3 {[%clk 1:25:44]} e5 {[%clk 1:32:56]}
7.Nb3 {[%clk 1:20:55]} Be6 {[%clk 1:33:13]} 8.Be2 {[%clk 1:10:41]}
Nbd7 {[%clk 1:32:24]} 9.g4 {[%clk 0:52:01]} Rc8 {[%clk 1:30:49]}
10.Bf3 {[%clk 0:51:43]} Nb6 {[%clk 1:23:14]} 11.Bxb6 {[%clk 0:49:22]}
Qxb6 {[%clk 1:21:04]} 12.g5 {[%clk 0:49:50]} Rxc3 {[%clk 1:11:03]}
13.bxc3 {[%clk 0:48:49]} Nd7 {[%clk 1:11:29]} 14.Bg4 {[%clk 0:35:10]}
Qc6 {[%clk 1:10:19]} 15.Qf3 {[%clk 0:34:34]} Bxg4 {[%clk 1:10:08]}
16.Qxg4 {[%clk 0:35:01]} Qxc3+ {[%clk 1:10:31]} 17.Kf1 {[%clk 0:35:21]}
h5 {[%clk 1:05:50]} 18.Qg3 {[%clk 0:30:49]} Qxc2 {[%clk 1:05:50]}
19.Qf3 {[%clk 0:21:10]} Be7 {[%clk 0:56:10]} 20.h4 {[%clk 0:21:12]}
g6 {[%clk 0:45:33]} 21.Kg2 {[%clk 0:18:38]} Qc7 {[%clk 0:45:10]}
22.Rac1 {[%clk 0:16:55]} Qd8 {[%clk 0:37:18]} 23.Qc3 {[%clk 0:14:59]}
O-O {[%clk 0:37:44]} 24.Qc7 {[%clk 0:00:40]} Bxg5 {[%clk 0:37:44]}
25.hxg5 {[%clk 0:00:40]} Qxg5+ {[%clk 0:37:44]} 26.Kf1 {[%clk 0:00:40]}
Nf6 {[%clk 0:37:44]} 27.Qxd6 {[%clk 0:00:40]} Nxe4 {[%clk 0:37:44]}
28.Qd3 {[%clk 0:00:40]} Qf4 {[%clk 0:37:44]} 29.Rc2 {[%clk 0:00:40]}
h4 {[%clk 0:37:44]} 30.Ke1 {[%clk 0:00:40]} Ng5 {[%clk 0:35:01]}
31.Nd2 {[%clk 0:03:29]} e4 {[%clk 0:34:05]} 32.Qe3 {[%clk 0:03:18]}
Qg4 {[%clk 0:34:27]} 33.Qe2 {[%clk 0:00:33]} Nf3+ {[%clk 0:06:59]}
34.Nxf3 {[%clk 0:00:55]} exf3 {[%clk 0:07:26]} 35.Qc4 {[%clk 0:00:44]}
Qg5 {[%clk 0:05:49]} 36.Rd2 {[%clk 0:00:34]} h3 {[%clk 0:05:57]}
37.Kd1 {[%clk 0:00:37]} h2 {[%clk 0:05:55]} 38.Kc2 {[%clk 0:00:35]}
Qg2 {[%clk 0:05:38]} 39.Rdd1 {[%clk 0:00:51]} Re8 {[%clk 0:01:58]}
40.Qh4 {[%clk 0:30:36]} Re2+ {[%clk 0:31:20]} 41.Kc3 {[%clk 0:21:32]}
g5 {[%clk 0:29:51]} 42.Qh6 {[%clk 0:21:16]} 1-0

[Event "Russian Higher League 2021"]
[Site "?"]
[Date "2021.06.27"]
[Round "2.8"]
[White "Murzin, Volodar"]
[Black "Lysyj, Igor"]
[Result "1/2-1/2"]
[WhiteElo "2502"]
[BlackElo "2605"]
[Annotator ""]
[Source ""]
[Remark ""]

1.e4 {[%clk 1:30:55]} e5 {[%clk 1:30:56]} 2.Nf3 {[%clk 1:31:21]}
Nc6 {[%clk 1:31:22]} 3.Bb5 {[%clk 1:31:47]} a6 {[%clk 1:31:49]}
4.Ba4 {[%clk 1:32:11]} Nf6 {[%clk 1:32:14]} 5.d3 {[%clk 1:32:11]}
Bc5 {[%clk 1:32:10]} 6.c3 {[%clk 1:32:27]} d6 {[%clk 1:32:13]}
7.Bg5 {[%clk 1:32:39]} h6 {[%clk 1:29:51]} 8.Bh4 {[%clk 1:33:03]}
Ba7 {[%clk 1:28:34]} 9.Nbd2 {[%clk 1:32:58]} Bd7 {[%clk 1:17:08]}
10.Qe2 {[%clk 1:27:11]} g5 {[%clk 1:12:09]} 11.Bg3 {[%clk 1:26:15]}
Nh5 {[%clk 1:11:44]} 12.Nf1 {[%clk 1:00:11]} Nf4 {[%clk 0:58:44]}
13.Bxf4 {[%clk 1:00:34]} gxf4 {[%clk 0:59:12]} 14.g3 {[%clk 0:58:01]}
Qf6 {[%clk 0:53:40]} 15.gxf4 {[%clk 0:54:19]} Qxf4 {[%clk 0:53:59]}
16.Ne3 {[%clk 0:54:33]} Ne7 {[%clk 0:49:23]} 17.Bxd7+ {[%clk 0:51:34]}
Kxd7 {[%clk 0:49:22]} 18.Rg1 {[%clk 0:51:01]} Rag8 {[%clk 0:47:53]}
19.Rg3 {[%clk 0:50:35]} Bxe3 {[%clk 0:32:15]} 20.Qxe3 {[%clk 0:42:51]}
Qxe3+ {[%clk 0:32:29]} 21.fxe3 {[%clk 0:43:18]} f5 {[%clk 0:32:31]}
22.exf5 {[%clk 0:42:32]} Nxf5 {[%clk 0:32:47]} 23.Rxg8 {[%clk 0:42:47]}
Rxg8 {[%clk 0:33:14]} 24.Kf2 {[%clk 0:43:12]} Ke6 {[%clk 0:33:24]}
25.e4 {[%clk 0:40:51]} Ne7 {[%clk 0:31:49]} 26.Rg1 {[%clk 0:40:20]}
Rxg1 {[%clk 0:32:14]} 27.Nxg1 {[%clk 0:40:42]} Ng6 {[%clk 0:31:55]}
28.Nf3 {[%clk 0:39:57]} Nf4 {[%clk 0:32:07]} 29.Ke3 {[%clk 0:40:24]}
Ng2+ {[%clk 0:32:34]} 30.Kf2 {[%clk 0:40:47]} Nf4 {[%clk 0:33:01]}
31.Ke3 {[%clk 0:41:14]} Ng2+ {[%clk 0:33:28]} 32.Kf2 {[%clk 0:41:39]}
Nf4 {[%clk 0:33:55]} 33.Ke3 {[%clk 0:41:55]} 1/2-1/2

[Event "Russian Higher League 2021"]
[Site "?"]
[Date "2021.06.27"]
[Round "2.9"]
[White "Timofeev, Artyom"]
[Black "Truskavetsky, Alexandr"]
[Result "1-0"]
[WhiteElo "2595"]
[BlackElo "2386"]
[Annotator ""]
[Source ""]
[Remark ""]

1.Nf3 {[%clk 1:30:39]} c5 {[%clk 1:29:59]} 2.c4 {[%clk 1:30:24]}
g6 {[%clk 1:29:37]} 3.d4 {[%clk 1:28:29]} Bg7 {[%clk 1:24:50]}
4.d5 {[%clk 1:23:37]} d6 {[%clk 1:24:42]} 5.e4 {[%clk 1:22:40]}
Bg4 {[%clk 1:23:33]} 6.Be2 {[%clk 1:18:09]} Bxf3 {[%clk 1:21:41]}
7.Bxf3 {[%clk 1:18:32]} Nd7 {[%clk 1:21:58]} 8.O-O {[%clk 1:18:21]}
Ngf6 {[%clk 1:22:16]} 9.Nc3 {[%clk 1:18:02]} O-O {[%clk 1:22:36]}
10.Bg5 {[%clk 1:15:39]} a6 {[%clk 1:21:10]} 11.Be2 {[%clk 1:15:11]}
Rb8 {[%clk 1:17:26]} 12.Qc2 {[%clk 1:08:20]} Ne8 {[%clk 1:09:31]}
13.Rae1 {[%clk 1:04:19]} Nc7 {[%clk 1:02:35]} 14.a4 {[%clk 1:03:51]}
Re8 {[%clk 0:55:43]} 15.f4 {[%clk 0:57:07]} Qc8 {[%clk 0:41:55]}
16.Bh4 {[%clk 0:55:06]} b5 {[%clk 0:32:44]} 17.axb5 {[%clk 0:54:52]}
axb5 {[%clk 0:33:08]} 18.Nxb5 {[%clk 0:52:42]} Nxb5 {[%clk 0:32:55]}
19.cxb5 {[%clk 0:53:03]} Nb6 {[%clk 0:30:36]} 20.Kh1 {[%clk 0:42:12]}
Qd7 {[%clk 0:25:16]} 21.Bf2 {[%clk 0:27:17]} e6 {[%clk 0:22:43]}
22.dxe6 {[%clk 0:15:44]} Qxe6 {[%clk 0:22:43]} 23.e5 {[%clk 0:15:44]}
dxe5 {[%clk 0:22:43]} 24.fxe5 Rbc8 25.b3 {[%clk 0:15:44]} Bxe5
{[%clk 0:07:36]} 26.Bf3 {[%clk 0:15:33]} c4 {[%clk 0:06:53]}
27.Bxb6 {[%clk 0:04:22]} Qxb6 {[%clk 0:06:37]} 28.Bc6 {[%clk 0:03:23]}
cxb3 {[%clk 0:05:16]} 29.Qxb3 {[%clk 0:01:52]} Rf8 {[%clk 0:05:28]}
30.Qd5 {[%clk 0:01:09]} Bc3 {[%clk 0:02:11]} 31.Re7 {[%clk 0:01:16]}
Rc7 {[%clk 0:00:55]} 32.Rfxf7 {[%clk 0:00:39]} Rxe7 {[%clk 0:01:00]}
33.Rxe7+ {[%clk 0:01:01]} Kh8 {[%clk 0:01:25]} 34.Rf7 {[%clk 0:00:56]}
Rd8 {[%clk 0:01:21]} 35.Qf3 {[%clk 0:00:52]} Qc5 {[%clk 0:00:51]}
36.g3 {[%clk 0:00:48]} Bg7 {[%clk 0:00:46]} 37.Qe2 {[%clk 0:00:41]}
Qc1+ {[%clk 0:00:43]} 38.Rf1 {[%clk 0:01:03]} Qc3 {[%clk 0:00:47]}
39.Qe4 {[%clk 0:01:09]} Qc5 {[%clk 0:00:47]} 40.Rb1 {[%clk 0:31:19]}
Qb6 {[%clk 0:30:50]} 41.Qe7 {[%clk 0:28:15]} Rf8 {[%clk 0:23:04]}
42.Bg2 {[%clk 0:27:17]} Rb8 {[%clk 0:21:29]} 43.Qd7 {[%clk 0:27:03]}
h5 {[%clk 0:12:19]} 44.Be4 {[%clk 0:26:09]} h4 {[%clk 0:09:00]}
45.Qg4 {[%clk 0:24:17]} Qf6 {[%clk 0:08:45]} 46.Bd3 {[%clk 0:23:19]}
Rb6 {[%clk 0:05:14]} 47.Rf1 {[%clk 0:12:49]} Qe7 {[%clk 0:04:47]}
48.Bxg6 {[%clk 0:10:18]} Bf6 {[%clk 0:04:24]} 49.Bd3 {[%clk 0:07:14]}
hxg3 {[%clk 0:03:52]} 50.hxg3 {[%clk 0:06:53]} Bg5 {[%clk 0:02:24]}
51.Kg2 {[%clk 0:06:32]} Rh6 {[%clk 0:01:53]} 52.Rf2 {[%clk 0:03:22]}
Bf6 {[%clk 0:01:08]} 53.Rf4 {[%clk 0:02:51]} Qb7+ {[%clk 0:01:05]}
54.Rf3 {[%clk 0:02:45]} Qd5 {[%clk 0:00:47]} 55.Qf4 {[%clk 0:01:33]}
Qh5 {[%clk 0:00:41]} 56.Rf1 {[%clk 0:00:35]} Qh2+ {[%clk 0:00:37]}
57.Kf3 {[%clk 0:01:03]} Qh5+ {[%clk 0:00:41]} 58.Qg4 {[%clk 0:00:51]}
Qd5+ {[%clk 0:00:57]} 59.Qe4 {[%clk 0:00:49]} Qh5+ {[%clk 0:01:00]}
60.g4 {[%clk 0:00:54]} Qh2 {[%clk 0:01:08]} 61.Rf2 {[%clk 0:00:55]}
Qh1+ {[%clk 0:00:58]} 62.Ke2 {[%clk 0:01:16]} Qa1 {[%clk 0:00:34]}
63.Bc2 {[%clk 0:01:13]} Qd4 {[%clk 0:00:39]} 64.Qxd4 {[%clk 0:01:05]}
Bxd4 {[%clk 0:01:07]} 65.Rf7 {[%clk 0:01:15]} Rh2+ {[%clk 0:00:50]}
66.Kd3 {[%clk 0:01:38]} Bg1 {[%clk 0:01:09]} 67.Kc3 {[%clk 0:01:25]}
Rg2 {[%clk 0:00:56]} 68.Bf5 {[%clk 0:01:48]} Kg8 {[%clk 0:00:43]}
69.Be6 {[%clk 0:01:23]} Kh8 {[%clk 0:00:57]} 70.Rb7 {[%clk 0:01:42]} 1-0

[Event "Russian Higher League 2021"]
[Site "?"]
[Date "2021.06.27"]
[Round "2.10"]
[White "Saveliev, Alexei"]
[Black "Motylev, Alexander"]
[Result "0-1"]
[WhiteElo "2381"]
[BlackElo "2639"]
[Annotator ""]
[Source ""]
[Remark ""]

1.e4 {[%clk 1:30:57]} c6 {[%clk 1:30:51]} 2.d4 {[%clk 1:31:06]}
d5 {[%clk 1:31:16]} 3.exd5 {[%clk 1:31:23]} cxd5 {[%clk 1:31:38]}
4.Bd3 {[%clk 1:31:49]} Nc6 {[%clk 1:32:03]} 5.c3 {[%clk 1:32:14]}
e6 {[%clk 1:32:08]} 6.Nf3 {[%clk 1:24:28]} Bd6 {[%clk 1:29:25]}
7.O-O {[%clk 1:24:20]} Nge7 {[%clk 1:29:47]} 8.Re1 {[%clk 1:24:08]}
Qc7 {[%clk 1:28:46]} 9.a4 {[%clk 1:18:27]} a6 {[%clk 1:27:38]}
10.b3 {[%clk 1:09:39]} b6 {[%clk 1:09:30]} 11.Ba3 {[%clk 1:02:30]}
Ng6 {[%clk 1:03:01]} 12.Bxd6 {[%clk 0:59:18]} Qxd6 {[%clk 1:03:25]}
13.Nbd2 {[%clk 0:59:33]} Nf4 {[%clk 0:53:02]} 14.Bf1 {[%clk 0:59:42]}
O-O {[%clk 0:52:22]} 15.Rc1 Bb7 {[%clk 0:42:45]} 16.Ne5 {[%clk 0:26:46]}
f6 {[%clk 0:39:43]} 17.Nxc6 {[%clk 0:26:52]} Bxc6 {[%clk 0:40:07]}
18.c4 {[%clk 0:26:44]} e5 {[%clk 0:25:53]} 19.cxd5 {[%clk 0:10:17]}
Bxd5 {[%clk 0:25:47]} 20.Nc4 {[%clk 0:10:06]} Qe6 {[%clk 0:24:18]}
21.Ne3 {[%clk 0:10:30]} Bxb3 {[%clk 0:22:36]} 22.Qf3 {[%clk 0:10:47]}
Kh8 {[%clk 0:20:18]} 23.Rc6 {[%clk 0:08:24]} Qd7 {[%clk 0:16:18]}
24.Rxb6 {[%clk 0:07:32]} Bxa4 {[%clk 0:15:15]} 25.Rb7 {[%clk 0:01:14]}
Qc8 {[%clk 0:15:04]} 26.Rb6 {[%clk 0:00:50]} Bb5 {[%clk 0:10:42]}
27.Bxb5 {[%clk 0:00:41]} axb5 {[%clk 0:11:08]} 28.dxe5 {[%clk 0:00:41]}
fxe5 {[%clk 0:10:24]} 29.Qe4 {[%clk 0:00:41]} Qc3 {[%clk 0:08:49]}
30.Rf1 {[%clk 0:00:45]} Ne2+ {[%clk 0:06:22]} 31.Kh1 {[%clk 0:01:14]}
Qd4 {[%clk 0:04:38]} 32.Qb7 {[%clk 0:01:36]} Ra1 {[%clk 0:02:13]}
33.Qf7 {[%clk 0:01:17]} Rxf1+ {[%clk 0:01:49]} 34.Nxf1 {[%clk 0:01:46]}
Qd8 {[%clk 0:02:03]} 35.Qa2 {[%clk 0:00:37]} Qd1 {[%clk 0:01:50]} 0-1